000 00503nam a2200181Ia 4500
005 20250326125208.0
008 250326s9999 xx 000 0 und d
037 _aTextbook
040 _aFMSL
_beng
_cFMSL
041 _aeng
_2eng
084 _aX5:5.1 L4
_qFMSL
100 _aTurner L
_9738629
245 0 _aMultinational companies and the third world
_cTurner L
260 _aLondon
_bLondon, Allen lane
_c1974
300 _a294p
942 _cTB
_hX5:5.1 L4
999 _c1276957
_d1276957